| 000 | 00343nam a22001457a 4500 | ||
|---|---|---|---|
| 020 | _a978-0-7234-3551-8 | ||
| 082 | _a611.0183,O15B | ||
| 100 | _aBERKOVITZ ,B.K.B | ||
| 245 | _aORAL ANATOMY ,HISTOLOGY AND EMBRYOLOGY. | ||
| 250 | _a4TH | ||
| 260 |
_aEDINBURGH _bELSEVIER _c2015 |
||
| 300 | _a398 | ||
| 650 | _aORAL PATHOLOGY | ||
| 942 |
_2ddc _cBK |
||
| 999 |
_c9830 _d9830 |
||